Esplá (Record no. 15371)

MARC details
000 - LÍDER
campo de control de longitud fija 00910nam a2200217Ia 4500
008 - ELEMENTOS DE DATOS DE LONGITUD FIJA - INFORMACIÓN GENERAL
campo de control de longitud fija 0000001998 pn ad 0000000000mul00
090 ## - NÚMERO DE LLAMADA DE TIPO LC LOCALMENTE ASIGNADO (OCLC)
Número de clasificación (OCLC) (R) PSP00 K86e
100 1# - ENTRADA PRINCIPAL - NOMBRE PERSONAL
Nombre de la persona Kupfer, Mónica E.
245 10 - TÍTULO DECLARACIÓN
Título Esplá
Resto del título : travesia, 1998
Declaración de responsabilidad / Mónica E. Kupfer ; fotos Carlos Guardia
260 ## - PUBLICACIÓN, DISTRIBUCIÓN
Lugar de publicación Panamá : Mateo Sariel Galería
Fecha de publicación 1998
300 ## - DESCRIPCIÓN FÍSICA
Alcance 24 p.
Dimensiones / 22 cm.
500 ## - NOTA GENERAL
Nota general Exposición realizadaen Mateo Sariel Galería y Fundación Gabriel Lewis Galindo de Panamá en 1998 \ Incluye datos biográficos y cronología artística \ Texto en español e inglés \ Donación Galería Nueve Ochenta, Colombia 2014
600 00 - ENTRADA DE SUJETO AÑADIDO - NOMBRE PERSONAL
Nombre de la persona ESPLá, IGNACIO, 1946/
Subdivisión general TRABAJOS PICTORICOS
650 14 - ENTRADA DE SUJETO AÑADIDO - TÉRMINO TÓPICO
Término tópico o elemento de entrada del nombre geográfico PINTURA ESPAÑOLA
650 14 - ENTRADA DE SUJETO AÑADIDO - TÉRMINO TÓPICO
Término tópico o elemento de entrada del nombre geográfico ARTISTAS PLASTICOS ESPAÑOLES
650 14 - ENTRADA DE SUJETO AÑADIDO - TÉRMINO TÓPICO
Subdivisión general CATALOGOS
650 14 - ENTRADA DE SUJETO AÑADIDO - TÉRMINO TÓPICO
Subdivisión general EXPOSICIONES
650 14 - ENTRADA DE SUJETO AÑADIDO - TÉRMINO TÓPICO
Término tópico o elemento de entrada del nombre geográfico PINTORES ESPAÑOLES
650 14 - ENTRADA DE SUJETO AÑADIDO - TÉRMINO TÓPICO
Término tópico o elemento de entrada del nombre geográfico PINTURA AL OLEO
Holdings
Estado de retirada Pérdida de estatus Estado dañado No para préstamo Código de recogida Ubicación permanente Ubicación actual Ubicación de las estanterías Fecha de adquisición Número de llamada completo Código de barras Fecha de la última vez que se vio Número de copia Precio efectivo desde Tipo de artículo Koha
        General ArtNexus ArtNexus General 06/09/2022 P-SP-00 K86E 15795 06/09/2022 Ej.1 06/09/2022 Libro

Powered by Koha